Hidráulica experimental

En esta obra se analizan y se ofrecen soluciones a los problemas expuestos mediante el planeamiento de diesiocho prácticas básicas

Dades bibliogràfiques
Autor principal: Rodríguez Díaz, Héctor Alfonso
Format: Llibre
Idioma:Spanish
Matèries:

MARC

LEADER 000000am a2200000 a 4500
001 3652
003 Ucuenca
005 20230308174355.0
008 007121|2000 ||||||||r|||||||||||spa||
020 |a 9588060176 
040 |b spa 
041 0 |a spa 
082 0 |a 627  |b R674h 
100 1 |9 41515  |a Rodríguez Díaz, Héctor Alfonso 
245 1 1 |a Hidráulica experimental  |c Héctor Alonso Rodríguez Díaz  |h imp 
264 |a Bogotá  |b Editorial Escuela Colombiana de Ingeniería  |c 2000 
300 |a 335 páginas:  |b ilu  |c 24 cm 
520 3 |a En esta obra se analizan y se ofrecen soluciones a los problemas expuestos mediante el planeamiento de diesiocho prácticas básicas 
650 1 0 |a Hidrología  |9 19624 
650 1 |a Venturimnetro  |9 76128 
650 1 |a Bombas centrifugas  |9 35307 
650 1 |a Bombas centrifugas  |9 35307 
852 |a UC-YANUNCAY  |f Compra  |l 1  |m General  |p 20071218  |q 50,00  |t 3652  |b 0  |d CDRY  |e CDRY  |g 627 R674h SALA 1 (AGROPECUARIAS)  |z 2007-71-21 
942 |c BK 
999 |c 46283  |d 46283